| 000 | 00564nam a2200169Ia 4500 | ||
|---|---|---|---|
| 003 | IN-BaIIA | ||
| 008 | 211028s9999 xx 000 0 eng d | ||
| 040 | _cIIA Library | ||
| 080 |
_a083.8:523.3 _bBOS-V |
||
| 100 |
_aBoss, Benjamin _911560 |
||
| 245 | 0 |
_aGeneral catalogue of 33342 stars for the epoch 1950 _bvol. V _cBenjamin Boss |
|
| 260 |
_aWashington _bCarnegie Institution of Washington _c1963 |
||
| 300 | _a357p. | ||
| 650 | _aAstronomy and Astrophysics thesaurus | ||
| 650 |
_aCatalogue-Stars _9966 |
||
| 942 | _cBK | ||
| 999 |
_c6746 _d6746 |
||